| 000 | 01541nam a2200229Ia 4500 | ||
|---|---|---|---|
| 003 | Ost | ||
| 005 | 20260507075035.0 | ||
| 008 | 260507s9999||||xx |||||||||||||| ||und|| | ||
| 020 | _a×474279953 | ||
| 040 | _cfsecg | ||
| 041 | _aara | ||
| 082 | _a330 | ||
| 100 |
_aالحجار، بسام _eمؤلف |
||
| 245 | 0 |
_aالعلاقات الإقتصادية الدولية / _c بسام الحجار |
|
| 260 |
_aبيروت: _bمجد المؤسسة الجامعية للدراسات والنشر, _c2003 |
||
| 300 |
_a260 صفحة؛ _bإيضاحات ؛ _c24 سم |
||
| 520 | _aالعلاقات الإقتصادية الدولية ونظام المدفوعات الدولية- أهمية وماهية العلاقات الإقتصادية ومدى تميزها عن العلاقات الإقتصادية الداخلية- خصائص وأهداف العلاقات الإقتصادية الدولية- النظرية الكنزية والكنزية الجديدة- حول حركة رؤوس الأموال الدولية- ميزان المدفوعات الدولية- سعر الصرف وتسوية المدفوعات- نظام النقد الدولي والأزمة الإقتصادية الدولية- السيولة الدولية- صندوق النقد الدولي مع إشارة الى مشاكل التجارة الخارجية للدول النامية | ||
| 653 | _aالإقتصاد الدولي | ||
| 653 | _aالتجارة الخارجية | ||
| 653 | _aالعلاقات الإقتصادية الدولية | ||
| 942 | _cكتاب | ||
| 999 |
_c42453 _d42453 |
||